Darts Player's Nicknames - Statistics

General Stats
  • This quiz has been taken 274 times
  • The average score is 20 of 32
Answer Stats
Player Nickname % Correct
Luke Littler The Nuke
99%
Luke Humphries Cool Hand
93%
Stephen Bunting The Bullet
86%
Gerwyn Price The Iceman
83%
Nathan Aspinall The Asp
81%
Michael van Gerwen Mighty
78%
Ryan Searle Heavy Metal
75%
Josh Rock Rocky
70%
Jonny Clayton The Ferret
70%
Peter Wright Snakebite
69%
Damon Heta The Heat
69%
Michael Smith Bully Boy
68%
Gary Anderson The Flying Scotsman
68%
Gian van Veen The Giant
68%
Rob Cross Voltage
66%
Dave Chisnall Chizzy
65%
Andrew Gilding Goldfinger
62%
Chris Dobey Hollywood
60%
Krzysztof Ratajski Polish Eagle
60%
James Wade The Machine
59%
Luke Woodhouse Woody
59%
Martin Schindler The Wall
58%
Daryl Gurney Superchin
52%
Danny Noppert Freeze
46%
Ross Smith Smudger
44%
Dimitri van den Bergh DreamMaker
42%
Jermaine Wattimena Machine Gun
40%
Ritchie Edhouse Madhouse
39%
Mike De Decker The Real Deal
36%
Ryan Joyce Relentless
35%
Dirk van Duijvenbode The Titan
33%
Cameron Menzies Cammy
30%
No matching quizzes found
Score Distribution
Percent of People with Each Score
Percentile by Number Answered
Your Score History
You have not taken this quiz